Disneyworld's Magic Kingdom Quiz - Statistics

General Stats
  • This quiz has been taken 428 times
  • The average score is 25 of 35
Answer Stats
Hint Answer % Correct
Space Mountain Tomorrowland
95%
Cinderella's Castle Fantasyland
90%
Splash Mountain Frontierland
87%
Pirates of the Carribbean Adventureland
86%
It's a Small World Fantasyland
80%
Astro Orbiter Tomorrowland
80%
____________ Speedway Tomorrowland
78%
Jungle Cruise Adventureland
77%
Ariel's Grotto Fantasyland
76%
Dumbo! The Flying Elephant Fantasyland
75%
The Magic Carpets of Aladdin Adventureland
74%
____________ Transit Authority Tomorrowland
74%
Buzz Lightyear's Space Ranger Spin Tomorrowland
74%
Peter Pan's Flight Fantasyland
73%
Mad Tea Party Fantasyland
72%
Big Thunder Mountain Railroad Frontierland
72%
Monsters, Inc. Laugh Floor Tomorrowland
72%
The Hall of Presidents Liberty Square
71%
Swiss Family Treehouse Adventureland
69%
Swiss Family Treehouse Adventureland
69%
Walt Disney's Enchanted Tiki Room Adventureland
69%
Mickey's PhilharMagic Fantasyland
69%
The Many Adventures of Winnie the Pooh Fantasyland
68%
Prince Charming Regal Carrousel Fantasyland
68%
Country Bear Jamboree Frontierland
68%
Stitch's Great Escape! Tomorrowland
68%
Tom Sawyer Island Frontierland
66%
The Haunted Mansion Liberty Square
66%
Under the Sea: Journey of the Little Mermaid Fantasyland
65%
The Barnstormer featuring Goofy Fantasyland
61%
____________ Shootin' Arcade Frontierland
59%
Liberty Belle Riverboat Liberty Square
59%
Walt Disney World Railroad Main Street USA
49%
Tinker Bell's Magical Nook Adventureland
44%
____ ______ Vehicles Main Street USA
43%
No matching quizzes found
Score Distribution
Percent of People with Each Score
Percentile by Number Answered
Your Score History
You have not taken this quiz